| Поле | Инд. | ПП | Название | Значение |
|---|---|---|---|---|
| Тип записи | a | |||
| Библиографический уровень | b | |||
| 001 | Контрольный номер | 5e6fab1ab9044ed2a1486ae134fca362 | ||
| 005 | Дата корректировки | 20210908160233.2 | ||
| 040 | a | Служба первич. каталог. | РИНЦ | |
| 041 | 0_ | a | Код языка текста | rus |
| 097 | a | Чагина С.Г. | ||
| 100 | 1_ | q | Полное имя | Шамаева Екатерина Федоровна |
| g | Прочие сведения | Scopus Author ID: 57196119253 (https://www.scopus.com/authid/detail.uri?authorId=57196119253) | ||
| a | Автор | Шамаева Е. Ф. | ||
| u | Дополнение | Шамаева Е. Ф. | ||
| c | Титул (звания) | кандидат технических наук | ||
| i | 100089614 | |||
| k | Кафедра устойчивого инновационного развития; Институт системного анализа и управления | |||
| j | Принадлежность неизвестного автора к последователям, ученикам, сторонникам, школе и т. д. | государственный университет "Дубна" | ||
| 245 | 10 | a | Заглавие | Комплексная модель расчета качества жизни в регионе |
| 773 | 18 | t | Название источника | Уровень жизни населения регионов России |
| b | Сведения об издании | Открытое акционерное общество "Всероссийский центр уровня жизни" | ||
| c | Москва | |||
| d | Место и дата издания | 2015 | ||
| m | Специф. данные | журнал из перечня ВАК; ненулевой импакт-фактор; | ||
| n | Примечание | https://elibrary.ru/title_about.asp?id=9199 | ||
| x | ISSN | 1999-9836 | ||
| g | Прочая информация | № 3 (197). - С. 109 - 120 | ||
| w | Контрольный № источника | 5db460af6eb54403868724f59039d913 | ||
| 856 | 40 | u | URL | https://elibrary.ru/item.asp?id=24834469 |
| 901 | t | Тип документа | b | |
| 952 | c | Вид литературы | статья в журнале |